| 000 | 00598nam a2200217 a 4500 | ||
|---|---|---|---|
| 005 | 20220603063733.0 | ||
| 008 | 140520s1988 es r 000 0 spa d | ||
| 020 | _a8426123554 | ||
| 035 | _aUPN01000197350 | ||
| 049 | _aI | ||
| 050 | 4 |
_aPZ76.3 _bS6.2 |
|
| 100 | 1 |
_aSolís, Valerie _935559 |
|
| 245 | 1 | 0 |
_aBarnaby y los fantasmas / _cValerie Solís. |
| 260 |
_aBarcelona, Esp. : _bJuventud, _c1988. |
||
| 300 |
_a[27] p. : _bil. col. |
||
| 440 | 0 | _aCuadrada | |
| 650 | 4 |
_aCuentos infantiles _96744 |
|
| 650 | 4 |
_aRATONES - _vLITERATURA INFANTIL _910248 |
|
| 905 | _aLibro | ||
| 999 |
_c169451 _d169451 |
||